| 000 | 02024nam a2200505 i 4500 | ||
|---|---|---|---|
| 001 | DIGSLX0234 | ||
| 003 | NyNyDIG | ||
| 007 | cr ||||||||||| | ||
| 008 | 200513s2018 sp a ob 000 0 spa d | ||
| 006 | m o d | ||
| 035 | _a(OCoLC)1157010828 | ||
| 040 |
_aDGITA _beng _erda _epn _cDGITA |
||
| 020 | _z9788477379737 | ||
| 020 | _z8477379734 | ||
| 041 | 0 |
_aspa _aita |
|
| 043 | _ae------ | ||
| 050 | 1 | 4 | _aBX4220.E85 ebook |
| 082 | 1 | 4 | _a271.9 |
| 245 | 1 | 0 |
_aMujeres entre el claustro y el siglo : _bautoridad y poder en el mundo religioso femenino, siglos XVI-XVIII / _cÁngela Atienza López (ed.) |
| 264 | 1 |
_aMadrid : _bSílex, _c2018. |
|
| 300 |
_a1 online resource : _billustrations. |
||
| 336 |
_atext _btxt _2rdacontent |
||
| 337 |
_acomputer _bc _2rdamedia |
||
| 338 |
_aonline resource _bcr _2rdacarrier |
||
| 347 |
_atext file _2rdaft |
||
| 347 | _bPDF | ||
| 490 | 1 | _aColección Sílex universidad | |
| 504 | _aIncludes bibliographical references. | ||
| 546 | _aContributions in Spanish, three in Italian. | ||
| 588 | 0 | _aOnline resource; title from PDF title page (Digitalia, viewed May 13, 2020) | |
| 650 | 0 |
_aMonastic and religious life of women _zEurope _xHistory _y16th century. |
|
| 650 | 0 |
_aMonastic and religious life of women _zEurope _xHistory _y17th century. |
|
| 650 | 0 |
_aMonastic and religious life of women _zEurope _xHistory _y18th century. |
|
| 650 | 0 |
_aAuthority _xReligious aspects _xCatholic Church _xHistory. |
|
| 650 | 0 |
_aPower (Christian theology) _xHistory. |
|
| 655 | 0 | _aElectronic books. | |
| 700 | 1 |
_aAtienza López, Angela, _eeditor. |
|
| 791 | 2 |
_aDigitalia (Firm), _edistributor. |
|
| 793 | 0 |
_gDigitalia eBook Collection: _aSílex Ediciones |
|
| 776 | 0 | 8 |
_iPrint version: _tMujeres entre el claustro y el siglo. _dMadrid : Sílex, 2018 _z9788477379737 _w(DLC) 2017399190 _w(OCoLC)1083797363 |
| 830 | 0 | _aSílex universidad. | |
| 856 | 4 | 0 |
_3Digitalia Hispánica _uhttps://www.digitaliapublishing.com/a/63030/ |
| 910 | _aPremium collection: 2020 | ||
| 942 | _cRAA | ||
| 999 |
_c258897 _d258897 |
||